Mathematical methods in chemical engineering (Record no. 25039)

000 -LEADER
fixed length control field 00548nam a22002051 4500
001 - CONTROL NUMBER
control field 25039
003 - CONTROL NUMBER IDENTIFIER
control field BD-DhUET
008 - FIXED-LENGTH DATA ELEMENTS--GENERAL INFORMATION
fixed length control field 730313s1963 xx 000 0 eng
040 ## - CATALOGING SOURCE
Original cataloging agency DLC
Transcribing agency OClU
Modifying agency BD-DhUET
082 ## - DEWEY DECIMAL CLASSIFICATION NUMBER
Classification number 660.28
Item number JEN/1963
100 ## - MAIN ENTRY--PERSONAL NAME
Personal name Jenson, V. G.
245 10 - TITLE STATEMENT
Title Mathematical methods in chemical engineering
250 ## - EDITION STATEMENT
Edition statement 1st ed.
260 ## - PUBLICATION, DISTRIBUTION, ETC. (IMPRINT)
Place of publication, distribution, etc. London
Name of publisher, distributor, etc. Academic Press
Date of publication, distribution, etc. 1963
300 ## - PHYSICAL DESCRIPTION
Extent xi, 556 p.
Other physical details illus.
Dimensions 24cm.
504 ## - BIBLIOGRAPHY, ETC. NOTE
Bibliography, etc Includes bibliographies
650 #0 - SUBJECT ADDED ENTRY--TOPICAL TERM
Topical term or geographic name as entry element Chemical engineering
700 ## - ADDED ENTRY--PERSONAL NAME
Personal name Jeffreys, G. V.
942 ## - ADDED ENTRY ELEMENTS (KOHA)
Koha item type General Book
Holdings
Lost status Damaged status Koha item type Price effective from Copy number Koha normalized classification for sorting Withdrawn status Shelving location Location (home branch) Source of classification or shelving scheme Sublocation or collection (holding branch) Not for loan Koha date last seen Date acquired Koha full call number Piece designation (barcode)
  General Book2015-05-121660_280000000000000_JEN_1963 Circulation sectionCentral Library, BUET Central Library, BUET 2015-05-122015-05-12660.28/JEN/196322438
  General Book2015-05-122660_280000000000000_JEN_1963 Circulation sectionCentral Library, BUET Central Library, BUET 2015-05-122015-05-12660.28/JEN/196322440
  General Book2015-05-123660_280000000000000_JEN_1963 Circulation sectionCentral Library, BUET Central Library, BUET 2015-05-122015-05-12660.28/JEN/196322434
  General Book2015-05-184660_280000000000000_JEN_1963 Circulation sectionCentral Library, BUET Central Library, BUET 2015-05-182015-05-18660.28/JEN/196322432
  General Book2015-05-185660_280000000000000_JEN_1963 Circulation sectionCentral Library, BUET Central Library, BUET 2015-05-182015-05-18660.28/JEN/196322435
  General Book2015-05-186660_280000000000000_JEN_1963 Circulation sectionCentral Library, BUET Central Library, BUET 2015-05-182015-05-18660.28/JEN/196329450
  General Book2015-05-187660_280000000000000_JEN_1963 Circulation sectionCentral Library, BUET Central Library, BUET 2015-05-182015-05-18660.28/JEN/196329449
  General Book2015-05-188660_280000000000000_JEN_1963 Circulation sectionCentral Library, BUET Central Library, BUET 2015-05-182015-05-18660.28/JEN/196329448
  General Book2015-05-189660_280000000000000_JEN_1963 Circulation sectionCentral Library, BUET Central Library, BUET 2015-05-182015-05-18660.28/JEN/196329457
  General Book2015-05-1810660_280000000000000_JEN_1963 Circulation sectionCentral Library, BUET Central Library, BUET 2015-05-182015-05-18660.28/JEN/196329454
  General Book2015-05-1811660_280000000000000_JEN_1963 Circulation sectionCentral Library, BUET Central Library, BUET 2015-05-182015-05-18660.28/JEN/196329453
  General Book2015-05-1812660_280000000000000_JEN_1963 Circulation sectionCentral Library, BUET Central Library, BUET 2015-05-182015-05-18660.28/JEN/196329451
  General Book2015-05-1813660_280000000000000_JEN_1963 Circulation sectionCentral Library, BUET Central Library, BUET 2015-05-182015-05-18660.28/JEN/196322431
  General Book2015-05-1814660_280000000000000_JEN_1963 Circulation sectionCentral Library, BUET Central Library, BUET 2015-05-182015-05-18660.28/JEN/196329452
  General Book2015-05-1815660_280000000000000_JEN_1963 Circulation sectionCentral Library, BUET Central Library, BUET 2015-05-182015-05-18660.28/JEN/196322436
  Reading Item2015-06-1716660_280000000000000_JEN_1963 Reading sectionCentral Library, BUET Central Library, BUET 2015-06-172015-06-17660.28/JEN/196329456
  Reading Item2015-06-1817660_280000000000000_JEN_1963 Reading sectionCentral Library, BUET Central Library, BUET 2015-06-182015-06-18660.28/JEN/196329455.
  Reading Item2015-07-1018660_280000000000000_JEN_1963 Reading sectionCentral Library, BUET Central Library, BUET 2015-07-102015-07-10660.28/JEN/196322439